000 005200000a22001930004500
001 002269
003 MACL
005 20150919175312.0
008 150919b xxu||||| |||| 00| 0 eng d
040 _aMACL
_cMACL
041 _aEnglish
082 _a910/DOB
100 _aDobhal, G.L.
_912206
245 _aDevelopment of the Hill Areas
_bA case Study of Pauri Garhwal District
_cG.L. Dobhal
260 _aNew Delhi
_c2005
_bConcept Publishig Company,
350 _a400
650 _aTravel
_9137
942 _k910
_cBK
_2ddc
999 _c14181
_d14181